Southville International School and Colleges
Your cart is empty.
  • Cart
  • Lists
    Public lists Eva Luna New books Lux_list list_1
    Your lists Log in to create your own lists
  • Log in to your account
  • Your cookies
  • Search history
Southville International School and Colleges
  • Advanced search
  • Recent comments
  • Most popular
  • Libraries

Log in to your account

Log in with GOOGLE


If you do not have an external account, but do have a local account, you can still log in:

  1. Home
  2. MARC view: Old MacDonald's Farm /
Normal view MARC view ISBD view

Old MacDonald's Farm / (Record no. 102616)

[ view plain ]
MARC details
000 -LEADER
fixed length control field 00460nam a2200157 a 4500
005 - DATE AND TIME OF LATEST TRANSACTION
control field 20140412111239.0
008 - FIXED-LENGTH DATA ELEMENTS--GENERAL INFORMATION
fixed length control field 001109s19uu xx 00 eng d
020 ## - INTERNATIONAL STANDARD BOOK NUMBER
International Standard Book Number 0-86163-509-4
050 ## - LIBRARY OF CONGRESS CALL NUMBER
Classification number ER
Item number Ol1 1991
100 ## - MAIN ENTRY--PERSONAL NAME
Personal name Morey, Sheena
245 ## - TITLE STATEMENT
Title Old MacDonald's Farm /
Statement of responsibility, etc story by Sheena Morey; illustrated by M. Scrydloff.
260 ## - PUBLICATION, DISTRIBUTION, ETC. (IMPRINT)
Place of publication, distribution, etc London :
Name of publisher, distributor, etc Award Publications,
Date of publication, distribution, etc 1991.
300 ## - PHYSICAL DESCRIPTION
Extent 29 p. ; ill.
650 ## - SUBJECT ADDED ENTRY--TOPICAL TERM
Topical term or geographic name as entry element Poetry for children
Holdings
Withdrawn status Lost status Damaged status Use restrictions Home library Current library Shelving location Date acquired Source of acquisition Total Checkouts Full call number Barcode Date last seen Price effective from Koha item type
        Elizalde Library Elizalde Library Easy Reading Section 11/09/2000     ER Ol1 1991 E2239 04/12/2014 04/12/2014 Books

Old MacDonald's Farm /

APA

Morey S., . (1991). Old MacDonald's Farm. London: Award Publications.

Chicago

Morey Sheena, . 1991. Old MacDonald's Farm. London: Award Publications.

Harvard

Morey S., . (1991). Old MacDonald's Farm. London: Award Publications.

MLA

Morey Sheena, . Old MacDonald's Farm. London: Award Publications. 1991.

  • Place hold
  • Print
  • Cite
  • Add to your cart (remove)
  • Save record
    BIBTEX Dublin Core MARCXML MARC (non-Unicode/MARC-8) MARC (Unicode/UTF-8) MARC (Unicode/UTF-8, Standard) MODS (XML) RIS
  • More searches
    Search for this title in:
    Other Libraries (WorldCat) Other Databases (Google Scholar) Online Stores (Bookfinder.com) Open Library (openlibrary.org)

Exporting to Dublin Core...

SOUTHVILLE LIBRARY

Southville International School and Colleges Library

1281 Tropical Ave. Cor. Luxembourg St., BF Homes International, Las Pinas City

Tel. No. 8256374 / 252358 Loc. 117/146

Powered by Koha